<?xml version="1.0" encoding="UTF-8"?>
<marc:record xmlns:marc="http://www.loc.gov/MARC21/slim">
   <marc:leader>00000nam a2200000 a 4500</marc:leader>
   <marc:datafield ind1="1" ind2=" " tag="100">
      <marc:subfield code="a">Sigg, Stephan</marc:subfield>
      <marc:subfield code="4">aut</marc:subfield>
      <marc:subfield code="e">Verfasser/-in</marc:subfield>
   </marc:datafield>
   <marc:datafield ind1=" " ind2=" " tag="653">
      <marc:subfield code="a">Bilderbuch</marc:subfield>
   </marc:datafield>
   <marc:datafield ind1=" " ind2=" " tag="653">
      <marc:subfield code="a">Vorbild</marc:subfield>
   </marc:datafield>
   <marc:datafield ind1=" " ind2=" " tag="653">
      <marc:subfield code="a">Lesen</marc:subfield>
   </marc:datafield>
   <marc:datafield ind1=" " ind2=" " tag="653">
      <marc:subfield code="a">Barmherziger Samariter</marc:subfield>
   </marc:datafield>
   <marc:datafield ind1=" " ind2=" " tag="653">
      <marc:subfield code="a">Nachbar</marc:subfield>
   </marc:datafield>
   <marc:datafield ind1=" " ind2=" " tag="653">
      <marc:subfield code="a">Ball</marc:subfield>
   </marc:datafield>
   <marc:datafield ind1=" " ind2=" " tag="653">
      <marc:subfield code="a">Erzählerische Bilderbücher</marc:subfield>
   </marc:datafield>
   <marc:datafield ind1="0" ind2="0" tag="245">
      <marc:subfield code="a">Ich helfe dir - Ben und der rote Ball</marc:subfield>
   </marc:datafield>
   <marc:datafield ind1=" " ind2="1" tag="264">
      <marc:subfield code="b">camino.</marc:subfield>
      <marc:subfield code="c">2021</marc:subfield>
   </marc:datafield>
   <marc:datafield ind1="1" ind2=" " tag="520">
      <marc:subfield code="a">Dieses bildgewaltig illustrierte Buch für Kinder ab 4 Jahren ist eine moderne, kindgerechte Nacherzählung des barmherzigen Samariters aus dem Neuen Testament. Mit dem Ball spielen – das macht Ben so richtig Spaß. Doch dann landet der Ball plötzlich im Baum. Wie soll er ihn da herunterholen? Er schaut sich um: Ob ihm jemand helfen kann? Viele Kinder und Nachbarn spazieren am Baum vorbei, doch niemand hat Zeit. Ben wird immer trauriger. Nur Sarah lässt Ben nicht im Stich … Die Geschichte zeigt, warum der biblische barmherzige Samariter für uns ein Vorbild ist und wie Kinder einander helfen können. Dieses Buch ist eine spannende Geschichte zum Lesen und Vorlesen. (Aus der Verlagsmeldung)</marc:subfield>
   </marc:datafield>
   <marc:datafield ind1=" " ind2=" " tag="020">
      <marc:subfield code="a">9783961571673</marc:subfield>
      <marc:subfield code="9">9783961571673</marc:subfield>
   </marc:datafield>
</marc:record>
